000 00507nam a2200205Ia 4500
005 20230320110826.0
008 131103s9999 xx 000 0 und d
020 _cRs.5.00
040 _aLoreto College
041 _aEnglish
082 _a891.441
_bDEY
100 _aDey, Bishnu
245 _aSmriti Swatwa Bhabiswat
_cBishnu Dey
260 _aKolkata
_bSambadhi Publication
_c1966
300 _a152p.
650 _aBengali Literature
651 _aBengali Poetry
850 _aLCLIB
942 _cBK
999 _c20631
_d71110